000 01145nam a22003377a 4500
003 CHAP
005 20220329134852.0
008 971013s1980 r 00010 d
010 _a27204
011 _a28176
035 _a32278
040 _cCHAP
082 _a510
_bK4Y 1976
100 0 0 _aKeedy, Mervin L.
_962879
245 _aElementos de matemáticas
250 _a2 ed.
260 _aBogotá :
_bFondo Educativo Interamericano,
_c1980
300 _a661 p.
_b; gráfs.
500 _aTrad. de la 2 ed. en inglés de 1976
590 _aBATCH-UPD
_b10
_c20130110
_lUCH01
_h1018
590 _aBATCH-UPD
_b10
_c20130410
_lUCH01
_h0624
590 _aBATCH-UPD
_b10
_c20130914
_lUCH01
_h0642
590 _aCONVERSION
_b10
_c20130109
_lUCH01
_h1316
650 1 4 _aMatemáticas.
_972901
700 0 _aBittinger, Marvin L.
_912964
901 _aBK
942 _cLIBRO
949 _a510 K4Y 1976
_bBC
_cLIBRO
_d33724000128864
_eLIBRO
_fc.3
_gI. 127026
_h66489
_i32278
_si
949 _a510 K4Y 1976
_bBC
_cLIBRO
_d33724000662300
_eLIBRO
_fc.2
_gI. 127025
_h66488
_i32278
_si
949 _a510 K4Y 1976
_bBC
_cLIBRO
_d33724000881942
_eLIBRO
_gI. 127024
_h66487
_i32278
_si
999 _c27204
_d27204